000 00574nam a2200193Ia 4500
005 20250326140722.0
008 250326s9999 xx 000 0 und d
020 _a0-89930-817-1
037 _aTextbook
040 _aFMSL
_beng
_cFMSL
041 _aeng
_2eng
084 _aX:89Q8 N5
_qFMSL
100 _aMadu C H
_9742909
245 0 _aStrategic total quality management: corporate performance and product quality
_cMadu C H; Kuei C C
260 _aLondon
_bLondon, Quorum
_c1995
300 _a250p
942 _cTB
_hX:89Q8 N5
999 _c1287000
_d1287000